| 000 | 00667nam a22001457a 4500 | ||
|---|---|---|---|
| 999 |
_c526746 _d526746 |
||
| 008 | 240621b ||||| |||| 00| 0 eng d | ||
| 100 |
_aThiruppathi, P. _946306 |
||
| 245 | _a S. Narayan, The Dravidian years: Politics and welfare in Tamil Nadu | ||
| 260 | _aIndian Journal of Public Administration | ||
| 300 | _a70(2), Jun, 2024: p,.438-439 | ||
| 520 | _aS. Narayan, The Dravidian Years: Politics and Welfare in Tamil Nadu. New Delhi: Oxford University Press, 2018, 262 pp., ₹550 (Hardcopy). https://journals.sagepub.com/doi/full/10.1177/00195561241236126 | ||
| 773 | _aIndian Journal of Public Administration | ||
| 906 | _aBOOK REVIEW | ||
| 942 | _cAR | ||